Eredivisie Clubs 2018/2019 - Statistieken

Algemene statistieken
  • Deze quiz is 26 keer genomen
  • De gemiddelde score is 14 van 18
Antwoordstatistieken
Nummer Club % Correct
1 AFC Ajax
100%
2 Feyenoord
96%
4 PSV Eindhoven
96%
9 ADO Den Haag
87%
3 AZ Alkmaar
87%
5 FC Groningen
83%
13 PEC Zwolle
83%
7 Vitesse
83%
8 FC Utrecht
78%
18 NAC Breda
78%
16 SBV Excelsior
78%
12 VVV-Venlo
78%
14 FC Emmen
74%
6 Heracles Almelo
74%
11 SC Heerenveen
74%
15 Fortuna Sittard
70%
10 Willem II
61%
17 De Graafschap
48%
Geen overeenkomende quizzen gevonden
Scoreverdeling
Procent van Mensen met Elke Score
Percentiel versus Aantal Correcte Antwoorden
Uw Scoregeschiedenis
U heeft deze quiz nog niet genomen